<?xml version="1.0" encoding="UTF-8"?>
<collection xmlns="http://www.loc.gov/MARC21/slim">
 <record>
  <leader>00800pamaa2200241   4500</leader>
  <controlfield tag="001">0000041467</controlfield>
  <controlfield tag="005">20070214090000.0</controlfield>
  <controlfield tag="008">070214                             eng  </controlfield>
  <datafield tag="020" ind1="0" ind2="0">
   <subfield code="a">052179756X (pbk.) </subfield>
  </datafield>
  <datafield tag="090" ind1="0" ind2="0">
   <subfield code="a">HD9697.T452 </subfield>
   <subfield code="b">MAY 2001</subfield>
  </datafield>
  <datafield tag="100" ind1="1" ind2="0">
   <subfield code="a">MAY </subfield>
  </datafield>
  <datafield tag="245" ind1="1" ind2="0">
   <subfield code="a">Mobile commerce : </subfield>
   <subfield code="b">opportunities, applications and technologies of wireless business  </subfield>
   <subfield code="c">Paul May.</subfield>
  </datafield>
  <datafield tag="260" ind1="0" ind2="0">
   <subfield code="a">Cambridge, UK: </subfield>
   <subfield code="b">New York, N.Y.: </subfield>
   <subfield code="b">Cambridge University Press, </subfield>
   <subfield code="c">2001.</subfield>
  </datafield>
  <datafield tag="300" ind1=" " ind2=" ">
   <subfield code="a">xix, 280p: </subfield>
   <subfield code="b">ill.\c23 cm.</subfield>
  </datafield>
  <datafield tag="440" ind1="0" ind2="0">
   <subfield code="a">Breakthroughs in application development series</subfield>
  </datafield>
  <datafield tag="504" ind1="0" ind2="0">
   <subfield code="a">Includes index</subfield>
  </datafield>
  <datafield tag="650" ind1="0" ind2="0">
   <subfield code="a">Wireless communication systems </subfield>
  </datafield>
  <datafield tag="650" ind1="0" ind2="0">
   <subfield code="a">Mobile communication systems </subfield>
  </datafield>
  <datafield tag="650" ind1="0" ind2="0">
   <subfield code="a">Cellular telephone equipment industry </subfield>
  </datafield>
  <datafield tag="901" ind1=" " ind2=" ">
   <subfield code="u">http://www.cambridge.org</subfield>
  </datafield>
 </record>
</collection>
